LEADER 00964nam0-22003491i-450- 001 990006796970403321 005 20001010 035 $a000679697 035 $aFED01000679697 035 $a(Aleph)000679697FED01 035 $a000679697 100 $a20001010d--------km-y0itay50------ba 101 0 $aita 105 $ay-------001yy 200 1 $aAnalisi del discorso$fGillian Brown, George Yule 210 $aBologna$cIl Mulino$d1992. 215 $a376 p.$d21 cm 225 1 $a<>nuova scienza$iSerie di linguistica e critica letteraria 610 0 $aComunicazione 610 0 $aLinguaggio 610 0 $aLinguistica - Teorie - Sec. 20 676 $a410 700 1$aBrown,$bGillian$0143486 702 1$aYule,$bGeorge 801 0$aIT$bUNINA$gRICA$2UNIMARC 901 $aBK 912 $a990006796970403321 952 $aXXXI VARIE 157$b23912$fFSPBC 959 $aFSPBC 996 $aAnalisi del discorso$9182512 997 $aUNINA DB $aGEN01